Estética, psicoanálisis y religión

Furkejuvvon:
Bibliográfalaš dieđut
Váldodahkki: Wittgenstein, Ludwig (Dahkki)
Materiálatiipa: Girji
Giella:espánnjágiella
Almmustuhtton: Buenos Aires Sudamericana 1976
Ráidu:Biblioteca de Filosofía
Fáttát:
Fáddágilkorat: Lasit fáddágilkoriid
Eai fáddágilkorat, Lasit vuosttaš fáddágilkora!

MARC

LEADER 00000nam a2200000 a 4500
001 UCY9188
003 CL-VaPUC
008 950713e19760000AG |||||||||||||||||spa|d
082 0 4 |a 149.94  |b WIT  |2 21 
100 0 |a Wittgenstein, Ludwig  |e author  |9 257080 
245 1 0 |a Estética, psicoanálisis y religión 
300 |a 161 p 
942 |c BK 
945 |d 19950713 00:00:00  |a rbrito 
260 |a Buenos Aires  |b Sudamericana  |c 1976 
600 0 |a Freud, Sigmund  |e author   |9 307892 
650 0 |a Filosofía del lenguaje  |9 257082 
650 0 |a Estética   |9 264950 
650 0 |a Psicoanálisis   |9 265702 
650 0 |a Religión   |9 255164 
583 |a last modification  |c 19950713 00:00:00  |k Rodrigo Vera 
490 0 |a Biblioteca de Filosofía 
999 |c 236316  |d 236314 
952 |0 0  |1 0  |4 0  |6 149_940000000000000_WIT_1976  |7 0  |8 A  |9 244358  |a BIBHIS  |b BIBHIS  |d 2019-11-18  |i 3089339  |o 149.94 WIT 1976  |p 3089339  |r 2025-01-20  |w 2019-11-18  |y BK  |k HIS